| 000 | 00699nam a22002417a 4500 | ||
|---|---|---|---|
| 001 | 3573 | ||
| 003 | FISKH | ||
| 005 | 20240321145726.0 | ||
| 008 | 240321b cb ||||| |||| 00| 0 eng d | ||
| 040 |
_aFISK _beng _cFISK _dFISK |
||
| 050 | _aPZ7.J629 | ||
| 082 | _a662 | ||
| 100 |
_aJohnson Angela _d1982- |
||
| 245 |
_aThe first part last / _cAngela Johnson |
||
| 260 |
_aNew York : _bSimon Pulse, _c2005 |
||
| 300 |
_a132 pages : _c19 cm |
||
| 505 | _aM | ||
| 520 | _aBobby's carefree teenage life changes forever when he becomes a father and must care for his adored baby daughter. | ||
| 521 | 8 |
_a790 _bLexile |
|
| 700 | _aAngela Johnson | ||
| 942 |
_2ddc _cBK _n0 |
||
| 999 |
_c3573 _d3573 |
||